कधी बहर कधी शिशिर (Record no. 241650)

MARC details
000 -LEADER
fixed length control field 00554nam a2200181Ia 4500
008 - FIXED-LENGTH DATA ELEMENTS--GENERAL INFORMATION
fixed length control field 090201s9999 xx 000 0 und d
010 ## - LIBRARY OF CONGRESS CONTROL NUMBER
LC control number KPL-67436
040 ## - CATALOGING SOURCE
Language of cataloging मराठी
041 ## - LANGUAGE CODE
Language code of text/sound track or separate title मराठी
082 ## - DEWEY DECIMAL CLASSIFICATION NUMBER
Classification number 44651
Item number 67436
100 ## - MAIN ENTRY--PERSONAL NAME
Personal name यशवंत देव
245 ## - TITLE STATEMENT
Title कधी बहर कधी शिशिर
Statement of responsibility, etc यशवंत देव
250 ## - EDITION STATEMENT
Edition statement 1
260 ## - PUBLICATION, DISTRIBUTION, ETC. (IMPRINT)
Date of publication, distribution, etc 2005
Name of publisher, distributor, etc अनघा प्रकाशन
300 ## - PHYSICAL DESCRIPTION
Extent 158
Other physical details मोठा
600 ## - SUBJECT ADDED ENTRY--PERSONAL NAME
Personal name कधी बहर कधी शिशिर
942 ## - ADDED ENTRY ELEMENTS (KOHA)
Koha item type Book
Holdings
Withdrawn status Lost status Damaged status Not for loan Home library Current library Date acquired Cost, normal purchase price Total Checkouts Barcode Date last seen Copy number Cost, replacement price Price effective from Koha item type
        Sarvajanik Wachanalaya, Kalyan Sarvajanik Wachanalaya, Kalyan   160.00   KPL-67436 02/01/2009 1 160.00 02/01/2009 Book